[Event "Toronto Chess Centre Summer op"]
[Site "Toronto CAN"]
[Date "2025.06.08"]
[Round "4.2"]
[White "Berengolts, Isai"]
[Black "Wu, Nolan"]
[Result "1/2-1/2"]
[WhiteElo "2096"]
[BlackElo "2083"]
[WhiteFideId "-1"]
[WhiteFideId "-1"]
[PlyCount "137"]
[GameId "2197400947130177"]
[EventDate "2025.06.07"]
[EventType "swiss"]
[EventRounds "5"]
[EventCountry "CAN"]

1. e4 c5 2. Nc3 Nc6 3. f4 g6 4. Nf3 Bg7 5. Bb5 Nd4 6. O-O a6 7. Bc4 b5 8. Bd5 Rb8 9. d3 e6 10. Bb3 Ne7 11. e5 Nxf3+ 12. Qxf3 Bb7 13. Ne4 Bxe4 14. Qxe4 d5 15. exd6 Qxd6 16. a4 O-O 17. axb5 axb5 18. c3 b4 19. Qc4 Nd5 20. Bd2 Rfc8 21. Ra6 Qd8 22. Rfa1 Nb6 23. Qe4 c4 24. Bc2 cxd3 25. Bxd3 Nc4 26. Bc1 bxc3 27. bxc3 Bxc3 28. R1a4 Nb2 29. Bxb2 Bxb2 30. h3 Qh4 31. Ra8 Qg3 32. Rxb8 Rxb8 33. Ra8 Bd4+ 34. Kh1 Rxa8 35. Qxa8+ Kg7 36. Qe4 Qf2 37. Kh2 Be3 38. f5 Bf4+ 39. Kh1 Qg3 40. Kg1 Be3+ 41. Kh1 exf5 42. Qf3 f4 43. Qxg3 fxg3 44. h4 Bf4 45. Kg1 Kh6 46. Kf1 Kh5 47. Bc4 f5 48. Bg8 h6 49. Bf7 Be5 50. Ke2 Bf6 51. Kf3 Bxh4 52. Kf4 Bf6 53. Kxg3 Be5+ 54. Kh3 f4 55. Be8 Kg5 56. Bd7 h5 57. Be8 Kh6 58. Bd7 g5 59. Be8 g4+ 60. Kh2 Bd4 61. Bc6 Kg5 62. Be8 h4 63. Bc6 Be5 64. Kh1 Bd4 65. Kh2 g3+ 66. Kh3 Bf6 67. Bf3 Kf5 68. Bb7 Ke5 69. Kg4 1/2-1/2

[Event "Toronto Chess Centre Summer op"]
[Site "Toronto CAN"]
[Date "2025.06.08"]
[Round "4.3"]
[White "Plotkin, Mark"]
[Black "Yao, Henry"]
[Result "1-0"]
[WhiteElo "2473"]
[BlackElo "2050"]
[WhiteFideId "-1"]
[WhiteFideId "-1"]
[PlyCount "127"]
[GameId "2197430250553164"]
[EventDate "2025.06.07"]
[EventType "swiss"]
[EventRounds "5"]
[EventCountry "CAN"]

1. Nf3 Nf6 2. g3 g6 3. Bg2 Bg7 4. O-O O-O 5. c4 c6 6. d4 d5 7. Nc3 Nbd7 8. cxd5 cxd5 9. Qb3 Nb6 10. Ne5 e6 11. a4 Nfd7 12. Nf3 Nc4 13. Qc2 Nf6 14. b3 Nd6 15. Ba3 a6 16. Ne5 Re8 17. Rfc1 Nf5 18. e3 Nd7 19. Nd3 b6 20. Ne2 a5 21. Nc3 Ba6 22. Nb5 Rc8 23. Qd2 Bxb5 24. axb5 e5 25. Rxc8 Qxc8 26. Rc1 Qd8 27. dxe5 Nxe5 28. Nxe5 Rxe5 29. e4 Nd6 30. exd5 Nxb5 31. Bb2 Re7 32. Bxg7 Kxg7 33. Rc6 Rc7 34. Rxb6 Rc1+ 35. Qxc1 Qxb6 36. Bf1 Nd4 37. Qe3 Qc5 38. Bg2 Qc1+ 39. Qxc1 Ne2+ 40. Kf1 Nxc1 41. d6 Kf8 42. Bd5 Ke8 43. Ke1 Nd3+ 44. Ke2 Nb4 45. d7+ Kxd7 46. Bxf7 g5 47. Ke3 Kd6 48. Ke4 Ke7 49. Bg8 h6 50. Kf5 Nd3 51. f4 gxf4 52. gxf4 Kd6 53. h4 Ke7 54. Bc4 Nf2 55. Kg6 Ne4 56. h5 Nd2 57. Bd5 Kd6 58. Bg8 Ke7 59. f5 Ne4 60. Bd5 Nf6 61. Bf3 Nd7 62. Be2 Ne5+ 63. Kg7 Nd7 64. Bc4 1-0

[Event "Toronto Chess Centre Summer op"]
[Site "Toronto CAN"]
[Date "2025.06.08"]
[Round "4.4"]
[White "Liu, Sean"]
[Black "Lukinykh, Slava"]
[Result "1/2-1/2"]
[WhiteElo "2203"]
[BlackElo "2002"]
[WhiteFideId "-1"]
[WhiteFideId "-1"]
[PlyCount "140"]
[GameId "2197475349798899"]
[EventDate "2025.06.07"]
[EventType "swiss"]
[EventRounds "5"]
[EventCountry "CAN"]

1. e4 c5 2. Nf3 Nc6 3. d4 cxd4 4. Nxd4 Nf6 5. Nc3 e5 6. Ndb5 d6 7. Bg5 a6 8. Na3 b5 9. Nd5 Be7 10. Bxf6 Bxf6 11. c4 b4 12. Nc2 Rb8 13. b3 Bg5 14. Be2 O-O 15. O-O a5 16. Qd3 Be6 17. Rad1 Rb7 18. Qg3 Bh6 19. Bg4 Qg5 20. h3 g6 21. Qd3 f5 22. Bf3 Kh8 23. Nde3 f4 24. Ng4 Rd7 25. Nxh6 Qxh6 26. Qe2 Qg5 27. Bg4 f3 28. Bxf3 Bxh3 29. Kh2 Be6 30. g3 h5 31. Bg2 Bg4 32. f3 Be6 33. Qd2 Qxd2 34. Rxd2 Kg7 35. Rfd1 Re8 36. Bh3 Kf7 37. Bxe6+ Kxe6 38. Rd5 Ra8 39. Ne1 Nd4 40. f4 a4 41. fxe5 dxe5 42. Nd3 Rxd5 43. exd5+ Kd6 44. Nxb4 axb3 45. axb3 Rb8 46. Nd3 Rxb3 47. Nf2 Re3 48. Ra1 Re2 49. Kg1 Kc5 50. Ra6 Kxc4 51. d6 Rd2 52. Ne4 Rd1+ 53. Kf2 Nf5 54. Ra4+ Kb3 55. Nc5+ Kc3 56. d7 Ne7 57. Ra8 Kb4 58. Rc8 Kb5 59. Rc7 Nc6 60. Ne6 Rd6 61. Rxc6 Kxc6 62. d8=Q Rxd8 63. Nxd8+ Kd5 64. Ke3 e4 65. Nf7 Ke6 66. Ng5+ Kf5 67. Nxe4 Kg4 68. Kf2 h4 69. gxh4 Kxh4 70. Ng3 Kg4 1/2-1/2

[Event "Toronto Chess Centre Summer op"]
[Site "Toronto CAN"]
[Date "2025.06.08"]
[Round "5.1"]
[White "Yao, Henry"]
[Black "Wu, Nolan"]
[Result "0-1"]
[WhiteElo "2050"]
[BlackElo "2083"]
[WhiteFideId "-1"]
[WhiteFideId "-1"]
[PlyCount "86"]
[GameId "2197677668671613"]
[EventDate "2025.06.07"]
[EventType "swiss"]
[EventRounds "5"]
[EventCountry "CAN"]

1. e4 c5 2. Nf3 d6 3. d4 cxd4 4. Nxd4 Nf6 5. Nc3 g6 6. f3 Bg7 7. Be3 Nc6 8. g4 Be6 9. g5 Nh5 10. Qd2 Ne5 11. Be2 Rc8 12. b3 Bd7 13. a4 f6 14. f4 Ng4 15. Bxg4 Bxg4 16. gxf6 Nxf6 17. f5 Qa5 18. Nd5 Qxd2+ 19. Kxd2 Nxe4+ 20. Kd3 Bxf5 21. Nxf5 gxf5 22. Rhg1 Be5 23. c4 e6 24. Nb4 Nc5+ 25. Kc2 Kf7 26. Nd3 Nxd3 27. Kxd3 a6 28. b4 Rhg8 29. b5 axb5 30. cxb5 Ra8 31. Rxg8 Kxg8 32. Rc1 d5 33. Bd4 Bxd4 34. Kxd4 Rxa4+ 35. Ke5 Rc4 36. Ra1 Kf7 37. Ra7 Rc7 38. b6 Rd7 39. Ra8 d4 40. Rh8 Rd5+ 41. Kf4 d3 42. Rxh7+ Ke8 43. Rxb7 d2 0-1

[Event "Toronto Chess Centre Summer op"]
[Site "Toronto CAN"]
[Date "2025.06.08"]
[Round "5.2"]
[White "Liu, Sean"]
[Black "Maulucci, Anthony"]
[Result "1/2-1/2"]
[WhiteElo "2203"]
[BlackElo "2039"]
[WhiteFideId "-1"]
[WhiteFideId "-1"]
[PlyCount "99"]
[GameId "2197722571600092"]
[EventDate "2025.06.07"]
[EventType "swiss"]
[EventRounds "5"]
[EventCountry "CAN"]

1. e4 e6 2. Nf3 d5 3. Nc3 d4 4. Ne2 c5 5. c3 Nf6 6. e5 Nfd7 7. cxd4 cxd4 8. Nexd4 Nxe5 9. Bb5+ Nec6 10. O-O Bd7 11. Nxc6 Bxc6 12. Bxc6+ Nxc6 13. b3 Be7 14. Bb2 O-O 15. Qe2 Bf6 16. Bc3 a6 17. Rac1 Qe7 18. Rfd1 Rfd8 19. Qe4 Rd5 20. Re1 Rad8 21. h3 g6 22. b4 Bg7 23. a3 Qd6 24. Qc4 Bxc3 25. dxc3 b5 26. Qe4 e5 27. c4 bxc4 28. Qxc4 Nd4 29. Nxd4 exd4 30. Rcd1 d3 31. Rd2 Rd4 32. Qc3 f5 33. Re3 f4 34. Rf3 g5 35. Qb3+ Kg7 36. b5 axb5 37. Qxb5 h6 38. a4 Rb8 39. Qf5 Rb3 40. a5 Rd5 41. Qe4 Rb4 42. Qe8 Rb1+ 43. Kh2 Ra1 44. Rdxd3 Raxa5 45. Rb3 Ra7 46. Rb8 Rf7 47. Qh8+ Kg6 48. Rg8+ Kh5 49. Rg7 Rxg7 50. Qxg7 1/2-1/2

[Event "Toronto Chess Centre Summer op"]
[Site "Toronto CAN"]
[Date "2025.06.08"]
[Round "5.3"]
[White "Malakar, Saarthak"]
[Black "Berengolts, Isai"]
[Result "1-0"]
[WhiteElo "2080"]
[BlackElo "2096"]
[WhiteFideId "-1"]
[WhiteFideId "-1"]
[PlyCount "61"]
[GameId "2197679481143429"]
[EventDate "2025.06.07"]
[EventType "swiss"]
[EventRounds "5"]
[EventCountry "CAN"]

1. Nf3 c5 2. g3 Nc6 3. Bg2 g6 4. c4 Bg7 5. Nc3 Nf6 6. O-O O-O 7. d4 cxd4 8. Nxd4 Nxd4 9. Qxd4 d6 10. b3 Rb8 11. Qxa7 Bf5 12. Bb2 Ne4 13. Qe3 Nc5 14. Qd2 Qd7 15. Rfe1 Rfd8 16. Nd5 Bxb2 17. Qxb2 Be4 18. Bxe4 Nxe4 19. Qd4 Nc5 20. Rac1 f6 21. Red1 Kf7 22. h4 Ne6 23. Qe3 Ng7 24. b4 Qe6 25. Qf3 Qe5 26. a4 g5 27. hxg5 Qxg5 28. e4 Rg8 29. c5 Rbc8 30. e5 dxe5 31. Nxe7 1-0

[Event "Toronto Chess Centre Summer op U1800"]
[Site "Toronto CAN"]
[Date "2025.06.07"]
[Round "1.12"]
[White "Camposano, Jose"]
[Black "Chighvinadze, Robert"]
[Result "1-0"]
[WhiteElo "1719"]
[BlackElo "1584"]
[WhiteFideId "-1"]
[WhiteFideId "-1"]
[PlyCount "57"]
[GameId "2198900310810826"]
[EventDate "2025.06.07"]
[EventType "swiss"]
[EventRounds "5"]
[EventCountry "CAN"]

1. d4 e6 2. c4 d5 3. Nc3 Bb4 4. a3 Bxc3+ 5. bxc3 Nf6 6. Bg5 h6 7. Bh4 g5 8. Bg3 Ne4 9. Qd3 Nc6 10. e3 Nxg3 11. hxg3 a6 12. Nf3 Bd7 13. cxd5 exd5 14. Qc2 Bg4 15. Be2 Qf6 16. Qb3 O-O-O 17. Rb1 b5 18. a4 Bxf3 19. Bxf3 Na5 20. Bg4+ Kb8 21. Qb4 Nc6 22. Qc5 Qd6 23. axb5 Qxc5 24. dxc5 axb5 25. Rxb5+ Ka8 26. O-O Rb8 27. Ra1+ Na7 28. Rba5 Rb7 29. c6 1-0

[Event "Toronto Chess Centre Summer op U1800"]
[Site "Toronto CAN"]
[Date "2025.06.07"]
[Round "1.13"]
[White "Ni, Harrison"]
[Black "Parakin, Don"]
[Result "0-1"]
[WhiteElo "1577"]
[BlackElo "1703"]
[WhiteFideId "-1"]
[WhiteFideId "-1"]
[PlyCount "64"]
[GameId "2198898094661826"]
[EventDate "2025.06.07"]
[EventType "swiss"]
[EventRounds "5"]
[EventCountry "CAN"]

1. e4 c6 2. d4 d5 3. exd5 cxd5 4. Nc3 Nf6 5. Nf3 Nc6 6. h3 Bf5 7. Bf4 e6 8. a3 Bd6 9. Bxd6 Qxd6 10. Bd3 Bxd3 11. Qxd3 O-O 12. O-O a6 13. Rfe1 Rfc8 14. Ne5 Nd7 15. Nxd7 Qxd7 16. Na4 Qc7 17. Nc3 Qb6 18. Na4 Qxd4 19. Qb3 b5 20. Nc3 Na5 21. Qa2 Qd2 22. Rac1 Rc7 23. Red1 Qf4 24. Nxd5 exd5 25. Qxd5 Rf8 26. g3 Qf6 27. Re1 Nc4 28. Rcd1 Nxb2 29. Rd2 Nc4 30. Rdd1 h6 31. Rd3 Qc6 32. Qe5 Nxe5 0-1

[Event "Toronto Chess Centre Summer op U1800"]
[Site "Toronto CAN"]
[Date "2025.06.07"]
[Round "1.14"]
[White "Zhao, Shannon"]
[Black "Ganeshanathan, Sayan"]
[Result "1-0"]
[WhiteElo "1668"]
[BlackElo "1564"]
[WhiteFideId "-1"]
[WhiteFideId "-1"]
[PlyCount "49"]
[GameId "2198897001889978"]
[EventDate "2025.06.07"]
[EventType "swiss"]
[EventRounds "5"]
[EventCountry "CAN"]

1. e4 e5 2. Nf3 Nc6 3. d4 exd4 4. Bc4 h6 5. c3 Nge7 6. Qb3 d5 7. exd5 Na5 8. Qa4+ c6 9. dxc6 Naxc6 10. Qb3 Be6 11. Bxe6 fxe6 12. Qxe6 dxc3 13. Nxc3 Qd7 14. Qc4 O-O-O 15. O-O Qd3 16. Qa4 Qg6 17. Be3 Kb8 18. Bf4+ Ka8 19. Rad1 Nc8 20. Rxd8 Nxd8 21. Nb5 Ne6 22. Rc1 Bc5 23. Bg3 Bb6 24. Ne5 Qg5 25. Qc2 1-0

[Event "Toronto Chess Centre Summer op U1800"]
[Site "Toronto CAN"]
[Date "2025.06.07"]
[Round "1.15"]
[White "Mourgelas, James"]
[Black "Guan, Isabelle"]
[Result "0-1"]
[WhiteElo "1525"]
[BlackElo "1667"]
[WhiteFideId "-1"]
[WhiteFideId "-1"]
[PlyCount "128"]
[GameId "2198857148375215"]
[EventDate "2025.06.07"]
[EventType "swiss"]
[EventRounds "5"]
[EventCountry "CAN"]

1. e4 e5 2. Nf3 Nc6 3. Bb5 Bc5 4. O-O Qe7 5. d3 Nf6 6. Bg5 a6 7. Ba4 d6 8. h3 h6 9. Bh4 g5 10. Bxc6+ bxc6 11. Bg3 g4 12. hxg4 Bxg4 13. Bh4 Qe6 14. Bxf6 Qxf6 15. Nbd2 Rg8 16. Kh2 Qf4+ 17. g3 Qf6 18. Kg2 Rb8 19. Rb1 Qe6 20. Rh1 h5 21. Qe1 Rg6 22. Nh4 Rf6 23. Ndf3 Kd7 24. c3 Ba7 25. d4 Ke7 26. b3 Rg8 27. Qe3 Bb6 28. Ng5 exd4 29. cxd4 Rxg5 30. Qxg5 Qxe4+ 31. Kh2 Qxd4 32. Rbe1+ Kd7 33. Ng2 Bf3 34. Qe3 Qxe3 35. fxe3 a5 36. Rhf1 Ke8 37. Nf4 Bg4 38. Kg2 Ke7 39. a3 Bc5 40. a4 Bb4 41. Ra1 Bd2 42. Kh2 Bxe3 43. Ng2 Rxf1 44. Rxf1 Bc5 45. Re1+ Kd7 46. Ne3 Be6 47. Nc4 Bb4 48. Rf1 Ke7 49. Ne3 Bxb3 50. Nf5+ Kf8 51. Nh6 Kg7 52. Nf5+ Kg6 53. Ne7+ Kg7 54. Nf5+ Kf8 55. Nh6 Be6 56. Nf5 c5 57. Kg2 c4 58. Nd4 Bd7 59. Kf3 Bxa4 60. Ke2 c5 61. Ne6+ Ke7 62. Ng5 f6 63. Ne4 c3 64. Nxf6 Bb5+ 0-1

[Event "Toronto Chess Centre Summer op U1800"]
[Site "Toronto CAN"]
[Date "2025.06.07"]
[Round "1.16"]
[White "Cetinic, Spencer"]
[Black "Sahni, Anagh"]
[Result "1-0"]
[WhiteElo "1636"]
[BlackElo "1525"]
[WhiteFideId "-1"]
[WhiteFideId "-1"]
[PlyCount "149"]
[GameId "2200734843081235"]
[EventDate "2025.06.07"]
[EventType "swiss"]
[EventRounds "5"]
[EventCountry "CAN"]

1. d4 Nf6 2. c4 e6 3. Nf3 b6 4. a3 Bb7 5. Nc3 d5 6. Bg5 Be7 7. cxd5 exd5 8. e3 h6 9. Bh4 Nbd7 10. Be2 Rc8 11. O-O O-O 12. Rc1 Re8 13. h3 a5 14. Bg3 c5 15. Nb5 Ne4 16. Bf4 Bf6 17. Nd2 Nxd2 18. Qxd2 Be7 19. Bg4 Bf8 20. a4 Ba6 21. Rfe1 Bxb5 22. axb5 cxd4 23. Qxd4 Rxc1 24. Rxc1 Nc5 25. Rd1 Kh7 26. Qxd5 Qxd5 27. Rxd5 Ne6 28. Bg3 Bc5 29. Rd7 Kg6 30. Bf3 Rd8 31. Rb7 Rd2 32. Be5 Rd8 33. Be4+ f5 34. Bf3 Bd6 35. Bc3 Bc5 36. h4 Rd6 37. Be5 Rd2 38. Bc6 Rd1+ 39. Kh2 Rd2 40. Kg3 Rd3 41. Be8+ Kh7 42. h5 Rd8 43. Bg6+ Kh8 44. Bxf5 Re8 45. Bxe6 Rxe6 46. Bxg7+ Kg8 47. Bc3 a4 48. Rg7+ Kf8 49. Rg6 Rd6 50. Rg4 a3 51. bxa3 Bxa3 52. Rg6 Kf7 53. Rxd6 Bxd6+ 54. Kg4 Bc5 55. Bd4 Bxd4 56. exd4 Kg7 57. Kf5 Kf7 58. f4 Ke8 59. Kg6 Kd7 60. f5 Ke7 61. f6+ Kf8 62. f7 Ke7 63. Kg7 Kd6 64. f8=Q+ Kd5 65. Qf5+ Kxd4 66. Kxh6 Kc3 67. Qf4 Kb3 68. Qe3+ Ka2 69. Qd2+ Kb1 70. Kg5 Ka1 71. Kf4 Kb1 72. Ke3 Ka1 73. Kd3 Kb1 74. Kc3 Ka1 75. Qb2# 1-0

[Event "Toronto Chess Centre Summer op U1800"]
[Site "Toronto CAN"]
[Date "2025.06.07"]
[Round "1.17"]
[White "O'Malley, Patrick"]
[Black "Chiu, Bernard"]
[Result "0-1"]
[WhiteElo "1517"]
[BlackElo "1634"]
[WhiteFideId "-1"]
[WhiteFideId "-1"]
[PlyCount "70"]
[GameId "2198926868107567"]
[EventDate "2025.06.07"]
[EventType "swiss"]
[EventRounds "5"]
[EventCountry "CAN"]

1. f4 c5 2. Nf3 g6 3. g3 Bg7 4. Bg2 Nf6 5. O-O d5 6. d3 Qb6 7. Qe1 Nc6 8. e4 Nb4 9. Na3 Ng4 10. h3 c4+ 11. Kh1 cxd3 12. hxg4 Bxg4 13. Be3 d4 14. Bxd4 Bxd4 15. Nxd4 Qxd4 16. c3 Qg7 17. cxb4 Qxb2 18. Nc4 Qd4 19. Ne3 Be2 20. Nd5 Bxf1 21. Qxf1 Rc8 22. Rd1 d2 23. Qb5+ Kf8 24. Qf1 e6 25. Bh3 Qxe4+ 26. Qg2 Qxg2+ 27. Kxg2 Rc1 28. Rxd2 exd5 29. Kf3 Rc3+ 30. Kg4 Kg7 31. Rxd5 Re8 32. Rd1 h5+ 33. Kh4 Ree3 34. Rg1 Kh6 35. Bf1 Re4 0-1

[Event "Toronto Chess Centre Summer op U1800"]
[Site "Toronto CAN"]
[Date "2025.06.07"]
[Round "1.18"]
[White "Chighvinadze, Luca"]
[Black "Kamath, Nikita"]
[Result "1-0"]
[WhiteElo "1600"]
[BlackElo "1494"]
[WhiteFideId "-1"]
[WhiteFideId "-1"]
[PlyCount "53"]
[GameId "2198925464961319"]
[EventDate "2025.06.07"]
[EventType "swiss"]
[EventRounds "5"]
[EventCountry "CAN"]

1. e4 c6 2. d4 d5 3. exd5 cxd5 4. Nc3 Nf6 5. h3 Bf5 6. Bd3 Bxd3 7. Qxd3 Nc6 8. a3 e6 9. Nf3 a6 10. O-O Bd6 11. Bg5 O-O 12. Rfe1 Qc7 13. Bxf6 gxf6 14. b4 b5 15. Nh4 Rac8 16. Re3 Qb6 17. Rd1 Kh8 18. Rf3 f5 19. Nxf5 exf5 20. Nxd5 Qb7 21. Rxf5 Ne7 22. Nf6 Rg8 23. Rg5 Ng6 24. Nxg8 Nf4 25. Qf5 Rxg8 26. Qf6+ Rg7 27. Qxg7# 1-0

[Event "Toronto Chess Centre Summer op U1800"]
[Site "Toronto CAN"]
[Date "2025.06.07"]
[Round "1.19"]
[White "Divadalage, Sanya"]
[Black "Robertson, Joel"]
[Result "1-0"]
[WhiteElo "1485"]
[BlackElo "1585"]
[WhiteFideId "-1"]
[WhiteFideId "-1"]
[PlyCount "45"]
[GameId "2198902134976799"]
[EventDate "2025.06.07"]
[EventType "swiss"]
[EventRounds "5"]
[EventCountry "CAN"]

1. c4 Nf6 2. Nc3 e5 3. e4 Bb4 4. Nge2 Nc6 5. g3 d6 6. Bg2 O-O 7. O-O a5 8. d3 Be6 9. h3 Qd7 10. Kh2 Ne8 11. f4 f5 12. b3 Nf6 13. Be3 Rf7 14. Qc2 Ne7 15. a3 Bxc3 16. Nxc3 Raf8 17. b4 fxe4 18. Nxe4 Nf5 19. Bd2 Nxe4 20. dxe4 Nxg3 21. Kxg3 Rf6 22. f5 Bf7 23. Bg5 1-0

[Event "Toronto Chess Centre Summer op U1800"]
[Site "Toronto CAN"]
[Date "2025.06.07"]
[Round "2.12"]
[White "Cetinic, Spencer"]
[Black "Camposano, Jose"]
[Result "1-0"]
[WhiteElo "1636"]
[BlackElo "1719"]
[WhiteFideId "-1"]
[WhiteFideId "-1"]
[PlyCount "83"]
[GameId "2199224807363647"]
[EventDate "2025.06.07"]
[EventType "swiss"]
[EventRounds "5"]
[EventCountry "CAN"]

1. d4 c6 2. c4 d5 3. Nf3 Nf6 4. cxd5 cxd5 5. Nc3 Nc6 6. Bf4 a6 7. e3 Bg4 8. h3 Bxf3 9. Qxf3 e6 10. Bd3 Bd6 11. Bg5 Be7 12. a3 Rc8 13. O-O h6 14. Bh4 Na5 15. Qd1 O-O 16. Rc1 Nc4 17. Bxc4 Rxc4 18. b4 Qc7 19. Na4 b5 20. Nc5 Rxc1 21. Qxc1 Rc8 22. Qd1 Ne4 23. Bxe7 Qxe7 24. Qd3 Nxc5 25. bxc5 Qb7 26. Rb1 Qc6 27. Rb4 Rb8 28. a4 g6 29. Qa3 Kg7 30. axb5 Rxb5 31. Rxb5 Qxb5 32. Qc1 Qc6 33. Qc3 Kf8 34. Qa5 Ke7 35. Kf1 Kd7 36. Ke2 g5 37. Kd3 f6 38. Kc3 e5 39. Kb4 exd4 40. exd4 h5 41. Qb6 f5 42. Ka5 1-0

[Event "Toronto Chess Centre Summer op U1800"]
[Site "Toronto CAN"]
[Date "2025.06.07"]
[Round "2.13"]
[White "Parakin, Don"]
[Black "Chighvinadze, Luca"]
[Result "1/2-1/2"]
[WhiteElo "1703"]
[BlackElo "1600"]
[WhiteFideId "-1"]
[WhiteFideId "-1"]
[PlyCount "140"]
[GameId "2199173888463921"]
[EventDate "2025.06.07"]
[EventType "swiss"]
[EventRounds "5"]
[EventCountry "CAN"]

1. d4 e6 2. e4 d5 3. e5 c5 4. c3 Nc6 5. Nf3 Bd7 6. Bd3 h6 7. O-O Qb6 8. Bc2 cxd4 9. cxd4 Nge7 10. Nc3 Nc8 11. Na4 Qd8 12. Nc5 Bxc5 13. dxc5 O-O 14. Qd3 f5 15. exf6 Rxf6 16. Qh7+ Kf7 17. b4 Qg8 18. Qxg8+ Kxg8 19. a3 a6 20. Bb2 Rf8 21. Rfe1 N8e7 22. Rad1 Nf5 23. g4 Nfe7 24. Ne5 Nxe5 25. Bxe5 Nc6 26. Bd6 Rf3 27. Re3 Rxe3 28. fxe3 Nd8 29. Bg3 a5 30. e4 Bc6 31. exd5 Bxd5 32. b5 Rc8 33. Bf2 Nf7 34. Ba4 Ne5 35. h3 Nc4 36. Rc1 Nxa3 37. c6 bxc6 38. bxc6 Nc4 39. Bg3 Kf7 40. Bb5 Nb6 41. c7 Ke7 42. Ba6 Ra8 43. c8=Q Nxc8 44. Bxc8 Kd8 45. Bxe6 Bxe6 46. Be5 Ra7 47. Bb8 Rb7 48. Be5 a4 49. Ra1 Bb3 50. Kf2 Ra7 51. Ra3 Ke8 52. Kg3 Kf7 53. Kf4 Ke6 54. Ke4 Rd7 55. Bg3 Rd1 56. h4 Rg1 57. Kf3 Kd5 58. Kf2 Rd1 59. Ke2 Kc4 60. Rxb3 Rd4 61. Ra3 Kb4 62. Rf3 Rxg4 63. Rf4+ Rxf4 64. Bxf4 Kc4 65. h5 Kd5 66. Bc1 Ke6 67. Kf3 Kf5 68. Kg3 g6 69. hxg6 Kxg6 70. Kg4 h5+ 1/2-1/2

[Event "Toronto Chess Centre Summer op U1800"]
[Site "Toronto CAN"]
[Date "2025.06.07"]
[Round "2.14"]
[White "Chiu, Bernard"]
[Black "Zhao, Shannon"]
[Result "1-0"]
[WhiteElo "1634"]
[BlackElo "1668"]
[WhiteFideId "-1"]
[WhiteFideId "-1"]
[PlyCount "75"]
[GameId "2199172040328088"]
[EventDate "2025.06.07"]
[EventType "swiss"]
[EventRounds "5"]
[EventCountry "CAN"]

1. c4 e5 2. g3 g6 3. Bg2 Bg7 4. Nc3 Nf6 5. Nf3 Nc6 6. O-O O-O 7. Rb1 d6 8. b4 Be6 9. d3 h6 10. b5 Ne7 11. Nd2 Qc8 12. Re1 Bh3 13. Bh1 c6 14. Nde4 Nxe4 15. Nxe4 d5 16. Nd6 Qd7 17. Ba3 Rfb8 18. bxc6 bxc6 19. Qa4 Rxb1 20. Rxb1 Qg4 21. Bf3 Qd4 22. Qb4 Nf5 23. Qb7 Rd8 24. Qxf7+ Kh7 25. Nxf5 Bxf5 26. Bb2 Qb6 27. c5 Qxc5 28. g4 Rf8 29. Qb7 Bxd3 30. Bxe5 Rg8 31. exd3 Qc2 32. Rd1 a5 33. d4 Qc3 34. Kg2 Kh8 35. Bxg7+ Rxg7 36. Qc8+ Kh7 37. Qe8 Qc2 38. Re1 1-0

[Event "Toronto Chess Centre Summer op U1800"]
[Site "Toronto CAN"]
[Date "2025.06.07"]
[Round "2.15"]
[White "Guan, Isabelle"]
[Black "Divadalage, Sanya"]
[Result "0-1"]
[WhiteElo "1667"]
[BlackElo "1485"]
[WhiteFideId "-1"]
[WhiteFideId "-1"]
[PlyCount "84"]
[GameId "2199136334746431"]
[EventDate "2025.06.07"]
[EventType "swiss"]
[EventRounds "5"]
[EventCountry "CAN"]

1. e4 c5 2. Nf3 e6 3. d4 cxd4 4. Nxd4 a6 5. Nc3 Qc7 6. Be3 Nf6 7. Qd2 Bb4 8. Bd3 d5 9. exd5 Nxd5 10. Nde2 Nxc3 11. Nxc3 O-O 12. O-O Rd8 13. a3 Bxc3 14. bxc3 e5 15. f3 Bf5 16. Rab1 Qe7 17. Rfd1 Nc6 18. Qf2 Bxd3 19. cxd3 b5 20. Bc5 Qe6 21. d4 exd4 22. cxd4 Qd5 23. Rbc1 Rac8 24. Re1 h6 25. Bb6 Re8 26. Red1 Rb8 27. Bc5 Rbc8 28. Bb6 Qd7 29. d5 Ne7 30. Qd2 Rxc1 31. Qxc1 Nxd5 32. Qc5 Re5 33. Ba5 Qe6 34. Qd4 Nf6 35. Qb2 Rd5 36. Re1 Qd7 37. Qa1 Rd3 38. Bc3 Qc6 39. Rc1 Qb6+ 40. Kh1 Nh5 41. Qb2 Qd6 42. Qc2 Qg6 0-1

[Event "Toronto Chess Centre Summer op U1800"]
[Site "Toronto CAN"]
[Date "2025.06.07"]
[Round "2.16"]
[White "Wang, Angela"]
[Black "Castillo Simon, Jose Luis"]
[Result "0-1"]
[WhiteElo "1658"]
[BlackElo "1599"]
[WhiteFideId "-1"]
[WhiteFideId "-1"]
[PlyCount "60"]
[GameId "2199134717190967"]
[EventDate "2025.06.07"]
[EventType "swiss"]
[EventRounds "5"]
[EventCountry "CAN"]

1. Nf3 Nf6 2. g3 d5 3. Bg2 Nc6 4. d4 g6 5. O-O Bg7 6. c4 e6 7. Nc3 O-O 8. Ne5 Nxe5 9. dxe5 Ng4 10. cxd5 exd5 11. Qb3 Nxe5 12. f4 Nc6 13. Nxd5 Be6 14. Rd1 Nd4 15. Qxb7 Rb8 16. Qxa7 Bxd5 17. Bxd5 Qxd5 18. Be3 Nxe2+ 19. Kf2 Qh5 20. h3 Rxb2 21. Rd2 Rxd2 22. Bxd2 Bxa1 23. Qe3 Bd4 24. g4 Qxh3 25. Kxe2 Bxe3 26. Bxe3 Re8 27. a4 Rxe3+ 28. Kd2 Qf3 29. g5 Re2+ 30. Kd1 Qf1# 0-1

[Event "Toronto Chess Centre Summer op U1800"]
[Site "Toronto CAN"]
[Date "2025.06.07"]
[Round "2.17"]
[White "Robertson, Joel"]
[Black "Zhang, Ethan"]
[Result "1-0"]
[WhiteElo "1585"]
[BlackElo "1570"]
[WhiteFideId "-1"]
[WhiteFideId "-1"]
[PlyCount "123"]
[GameId "2199131472577198"]
[EventDate "2025.06.07"]
[EventType "swiss"]
[EventRounds "5"]
[EventCountry "CAN"]

1. e4 e5 2. Nf3 Nc6 3. Bb5 Nf6 4. d3 Bc5 5. O-O d6 6. Re1 O-O 7. c3 Bg4 8. h3 Bh5 9. Nbd2 a6 10. Ba4 d5 11. exd5 Qxd5 12. Ne4 Nxe4 13. dxe4 Qe6 14. Be3 Rad8 15. Qe2 Bb6 16. Bb3 Qg6 17. Nh4 Bxe2 18. Nxg6 hxg6 19. Bxb6 cxb6 20. Rxe2 Na5 21. Bd5 Nc6 22. Re3 Rd7 23. a4 Ne7 24. c4 Rc8 25. b3 Nxd5 26. exd5 f6 27. Rc1 b5 28. Rd3 Rc5 29. Kf1 Kf7 30. Ke2 Ke7 31. Kd2 b4 32. h4 Rd8 33. Re1 Kd6 34. Rg3 b5 35. Kd3 bxc4+ 36. bxc4 Rdc8 37. Re4 Ra5 38. Rxg6 Rc7 39. c5+ Raxc5 40. Rxb4 Kxd5 41. g4 a5 42. Rb3 Ke6 43. f3 Kf7 44. h5 Rc4 45. g5 Rxa4 46. gxf6 gxf6 47. Rb6 Rf4 48. Rh6 Rd7+ 49. Ke3 a4 50. Rh7+ Ke8 51. Rb8+ Rd8 52. Rh8+ Kf7 53. Rh7+ Ke6 54. Rxd8 a3 55. Ra7 Rh4 56. Rh8 Kf5 57. h6 Kg6 58. Rxa3 Rxh6 59. Rxh6+ Kxh6 60. Ke4 Kg6 61. Ra6 Kg5 62. Ra1 1-0

[Event "Toronto Chess Centre Summer op U1800"]
[Site "Toronto CAN"]
[Date "2025.06.07"]
[Round "2.18"]
[White "Chighvinadze, Robert"]
[Black "Sahni, Anagh"]
[Result "1/2-1/2"]
[WhiteElo "1584"]
[BlackElo "1525"]
[WhiteFideId "-1"]
[WhiteFideId "-1"]
[PlyCount "45"]
[GameId "2199128611545415"]
[EventDate "2025.06.07"]
[EventType "swiss"]
[EventRounds "5"]
[EventCountry "CAN"]

1. e4 c5 2. Nc3 Nc6 3. Nf3 d6 4. Bb5 Bd7 5. O-O g6 6. d4 cxd4 7. Nxd4 Bg7 8. Bxc6 bxc6 9. Nf3 Nf6 10. Re1 O-O 11. Bg5 Rb8 12. Rb1 Bg4 13. h3 Bxf3 14. Qxf3 Qa5 15. Bh4 Rfe8 16. e5 dxe5 17. Qxc6 Rec8 18. Qf3 Rc5 19. a3 Qc7 20. Bxf6 Bxf6 21. Ne4 Rc6 22. c3 Rcb6 23. Qe2 1/2-1/2